LEADER 01527nam a2200253 i 4500 001 000000247464 003 CaOOAMICUS 005 20250130143534.0 008 160114s1782 it u000 u ita u 026 $asil- lao- tato gnro (3) 1782 (A) 040 $aSeMil$bita 245 00$aBreve compendio della vita della serva del Signore Suor Alma Maria Caccia del SS. Sagramento religiosa professa del terz'ordine di S. Francesco nel monistero di S. Giuseppe della città di Bergamo. 260 $aBergamo :$bPer Francesco Locatelli,$c1782. 300 $a[4], XX, 280 p., [1] carta di tav. :$bantip. ;$c8°. 500 $aSegn.: *6 A-R8 S10 500 $aAntiporta calcogr. con ritr. di suor Alma Maria Caccia, incisa da Pietro Perfetti, su disegno di Giovanni Battista Cesareni, delineata da Giacomo Locati 650 4$aReligiose - Biografie.$0(OLS)http://semarc/subject/2046 700 1 $aPerfetti, Pietro .$0(OLS)http://semarc/name/73740 700 1 $aLocatelli, Francesco,$c.$0(OLS)http://semarc/name/8607 850 $aSeMil 852 $aSeMil$W1$xVenegono$y1$m3J III 53 FA$j197810$B197810$CSeMilBibl$Z2$F208825 $8I 996 $6245$aBreve compendio della vita della serva del Signore Suor Alma Maria Caccia del SS. Sagramento religiosa professa del terz'ordine di S. Francesco nel monistero di S. Giuseppe della città di Bergamo$9(OLS)http://semarc/title/349459 996 $6260$aBergamo :$bPer Francesco Locatelli$9(OLS)http://semarc/publisher/43465 LEADER 01158nam a2200241 i 4500 001 000000242435 003 CaOOAMICUS 005 20191029155420.0 008 150605s1801 it u000 u ita u 013 $a221340 026 $ai-i. leve r-la tiM. (3) 1801 (R) 040 $aSeMil$bita 100 1 $aBossuet, Jacques-Bénigne,$c.$0(OLS)http://semarc/name/1094 245 10$aScelta di elogj fatti da alcuni celebri scrittori a monsignor Jacopo-Benigno Bossuet vescovo di Meaux. 260 $aVenezia :$bAppresso Pietro Zerletti,$c1801. 300 $a264 p., [1] carta di tav. :$bill. ;$c8º. 500 $aRitr. di Bossuet su disegno e incisione di Johan Wolmar. - Segn. : A-Q8 R4. 700 1 $aZerletti, Pietro,$c.$0(OLS)http://semarc/name/3134 850 $aSeMil 852 $aSeMil$W1$xVenegono$y1$m3F III 68 FA$j192781$B192781$CSeMilBibl$Z2$F203573 $8I 996 $6245$aScelta di elogj fatti da alcuni celebri scrittori a monsignor Jacopo-Benigno Bossuet vescovo di Meaux$9(OLS)http://semarc/title/344219 996 $6260$aVenezia :$bAppresso Pietro Zerletti$9(OLS)http://semarc/publisher/54698